000
00180 a2200097 4500
020
_a
0590264583
041
_a
spa
100
_a
Cecilia Avalos
245
_a
Mi abuelita
942
_c
BK
999
_c
13818
_d
13818